Lord of the Mysteries - The Mother Pathway - Statistics

General Stats
  • This quiz has been taken 18 times
  • The average score is 6 of 10
Answer Stats
Sequence Number Name of Potion % Correct
Sequence 9 Planter
88%
Sequence 0 The Mother
88%
Sequence 5 Druid
81%
Sequence 8 Doctor
69%
Sequence 4 Ancient Metallurgist
50%
Sequence 2 Desolate Matriarch
50%
Sequence 7 Harvest Priest
44%
Sequence 6 Biologist
38%
Sequence 1 Naturewalker
38%
Sequence 3 Pallbearer
31%
No matching quizzes found
Score Distribution
Percent of People with Each Score
Percentile by Number Answered
Your Score History
You have not taken this quiz